Đang tải...

Nirmal verma : avalokan

Chi tiết về thư mục
Tác giả chính: Nand Kishore Acharya
Được phát hành: Radha Publications
LEADER 00189 a2200085 4500
100 |a Nand Kishore Acharya 
245 |a Nirmal verma : avalokan 
260 |b Radha Publications 
942 |c BK  |6 _ 
999 |c 67435  |d 67435